| 000 | 01208nam a2200241Ia 4500 | ||
|---|---|---|---|
| 003 | Ost | ||
| 005 | 20260416102355.0 | ||
| 008 | 260416s9999||||xx |||||||||||||| ||und|| | ||
| 040 | _cfsecg | ||
| 041 | _aara | ||
| 082 | _a658 | ||
| 100 |
_aسحنوني، محمد _eمؤلف |
||
| 245 | 0 |
_aنظريات المنظمة / _c محمد سحنوني |
|
| 260 |
_aالجزائر _bجامعة الجزائر3: كلية العلوم الإقتصادية، العلوم التجارية وعلوم التسيير _c2019 |
||
| 300 |
_a93 ورقة _bايضاحات _c30 سم |
||
| 504 | _aمراجع ص.86 | ||
| 520 | _aالاطار النظري لماهية المنظمة، النظريات الكلاسيكية، النظريات السلوكية أو العلاقات الانسانية (Behavioral Theories)، النظريات الحديثة للمنظمة، الهيكل التنظيمي (التصميم) و المنظمة. | ||
| 653 | _aالادارة العامة | ||
| 653 | _aالتنظيم | ||
| 653 | _aنظريات | ||
| 710 |
_aجامعة الجزائر3: كلية العلوم الإقتصادية، العلوم التجارية وعلوم التسيير _eناشر علمي |
||
| 942 | _cHANDOUT | ||
| 999 |
_c41160 _d41160 |
||